| 000 | 00641nam a2200193Ia 4500 | ||
|---|---|---|---|
| 003 | GCL | ||
| 008 | 140319s9999 xx 000 0 ara d | ||
| 040 |
_aGCL / _cGCL |
||
| 082 | 0 | 4 |
_a320.54 _bم ق |
| 100 | 1 | _aمصطفى الشهابى | |
| 245 | 1 | 0 |
_aالقومية العربية: تاريخها وقوامها ومراميها ومحاضرات / _cمصطفى الشهابى |
| 300 | _a377 ص | ||
| 490 |
_aالهيئة العامة للاستعلامات _v0 |
||
| 650 | 0 | 4 | _aالعالم العربى |
| 650 | 0 | 4 | _aالسياسة |
| 650 | 0 | 4 | _aحركات التحرير |
| 650 | 0 | 4 | _aالقومية العربية |
| 942 |
_2ddc _cBK |
||
| 999 |
_c49808 _d49808 |
||